Using multivariate statistics
Αποθηκεύτηκε σε:
| Κύριος συγγραφέας: | |
|---|---|
| Άλλοι συγγραφείς: | |
| Μορφή: | Βιβλίο |
| Γλώσσα: | English |
| Δημοσίευση: |
New York :
Harper & Row,
c1989
|
| Έκδοση: | 2nd ed. |
| Θέματα: | |
| Ετικέτες: |
Προσθήκη ετικέτας
Δεν υπάρχουν, Καταχωρήστε ετικέτα πρώτοι!
|
MARC
| LEADER | 00000cam a2200000 i 4500 | ||
|---|---|---|---|
| 001 | 1/29028 | ||
| 008 | 950726s1989 eng d | ||
| 020 | |a 0060465719 | ||
| 035 | |l 10023144 | ||
| 040 | |a GR-MY-UA |b gre |e aacr | ||
| 041 | 0 | |a eng | |
| 082 | 0 | |a 519.535 |2 (19) | |
| 100 | 1 | |a Tabachnick, Barbara G. |d 1936- | |
| 245 | 1 | 0 | |a Using multivariate statistics / |c Barbara G. Tabachnick, Linda S. Fidell |
| 250 | |a 2nd ed. | ||
| 260 | |a New York : |b Harper & Row, |c c1989 | ||
| 300 | |a xxii, 746 p.; |b ill.; |c 25 cm | ||
| 500 | |a Includes index | ||
| 504 | |a Bibliography: p. 719-725 | ||
| 650 | 0 | 0 | |a Multivariate analysis. |
| 700 | 1 | |a Fidell, Linda S. | |
| 852 | |a INST |b CHIOS |e 19950726 |h 519.535 TAB |p 005200004115 |q 005200004115 |t BK |y 0 | ||
| 909 | |a Χ |b 032708 | ||